Quizzes
Events
Quiz Creation
Community
Videos
Private Events
Remove Ads
Sign In
Join for FREE
Feedback
Dark Mode
Quiz Categories
Sports
Geography
Music
Movies
Television
Just For Fun
Miscellaneous
History
Literature
Language
Science
Gaming
Entertainment
Religion
Holiday
For Kids
Quiz Lab
Recent
Popular Today
Quiz Kudos Today
Editor Picks
Curator Picks
Quizzes by...
Day
Popularity
Type
Ratings
Length
Year
Community
Subscriptions
Recent Discussions
Orange Saloon
Badges
Playlists
Quests
Create
Leaderboards
Showdown
Live 5
Trivia Bingo
Activity
Puzzle Library
Sporcle Events
Private Events
Virtual Trivia
Globe League
Become a Host
Pub Owners
SporcleCon
Opinionation
Our Games
Videos
Blog
Mobile Apps
Partnerships
Remove Ads and Go Orange
Feedback
Miscellaneous
Crossword
General Knowledge
Baby Names
Logo
Food
Cars
Numbers
Grab Bag
University
College
Popular
Company
Slogans
Restaurants
Justice
Letter
Miscellaneous
Crossword
General Knowledge
Baby Names
Logo
Food
Cars
Numbers
Grab Bag
University
College
Popular
Company
Slogans
Restaurants
Justice
Letter
Random Quiz
Search Sporcle
×
Quiz Lab
Quiz Lab
Miscellaneous
Famous
Type in answers that appear in a list
Type in answers that appear in a list
Classic
Best Score? Go Orange.
Famous Kappa Kappa Gammas Stats
Can you name the Famous Kappa Kappa Gammas?
By
kn_OWL_edge
6m
20 Questions
77 Plays
77 Plays
77 Plays
Comments
Comments
Give Quiz Kudos
Give Quiz Kudos
-
- Ratings
hide this ad
Replay
Link that replays current quiz
Next Quiz
Link to next quiz in quiz playlist
You Got
0%
They Got
Avg Score
11%
Avg Friend Score
Upgrade to see
Score Distribution
Jump to the score distribution portion of the page
Score
0/20
Timer
06:00
0
Plays Today
Famous for...
Famous Kappa
% Correct
Co-
founder and designer of her namesake brand
Kate Spade
76.6%
Actress, plays Brooke Davis on One Tree Hill
Sophia Bush
53.2%
Actress, known for her roles in A Time to Kill, Kiss the Girls, Double Jeopardy
Ashley Judd
41.6%
Reality show contestant in The Hills and Laguna Beach: The Real Orange County
Lo Bosworth
32.5%
Actress, plays Detective Olivia Benson on Law & Order: Special Victims Unit
Mariska Hargitay
26%
Mother of Bill Gates
Mary Maxwell Gates
1.3%
Professional tennis player, won the French Championships four times, the U.S. Championships seven times, and Wimbledon eight times
Helen Wills Roarke
1.3%
Emmy Award and Golden Globe Award-
winning actress
Gene Rowlands
0%
Emmy Award-
winning stage and screen actress, known for her work in Cat on a Hot Tin Roof
Kim Stanley
0%
Lesbian pulp fiction author
Ann Bannon
0%
Famous for...
Famous Kappa
% Correct
Poet of 'The Battle Hymn of the Republic', Abolitionist, and social activist
Julia Ward Howe
0%
Former director of the United States Mint
Mary Brooks
0%
U.S. Senator from New York
Kristen Gillibrand
0%
20th First Lady of the United States and wife of Rutherford B. Hayes
Lucy Webb Hayes
0%
33rd First Lady of the United States and wife of Herbert Hoover
Lou Henry Hoover
0%
International war crimes prosecutor
Nancy Paterson
0%
Philanthropist and wife of Sam Walton, founder of Wal-
Mart
Helen Walton
0%
First woman to earn an electrical engineering degree from the Massachusetts Institute of Technology (M.S., 1919), first woman elected fellow of the American Institute of Electrical
Edith Clarke
0%
First female astrogeologist, chose the site for the first manned lunar landing
Mareta West
0%
Received the gold for the 100 m at the 1928 Olympics, and again at the 1936 Olympics for the 4 x 100 m relay
Betty Robinson Schwartz
0%
Quiz Playlist
Details
Report
Send in Message
Add To Playlist
Classic:
Type in answers that appear in a list
Last Updated: Feb 16, 2017
Quiz Scoreboard
CHALLENGE
Sign Up to Join the Scoreboard
Show All
Scores
Hide
Comments
May contain spoilers
Recently Published
Movies - When Are They Set?
by FPL_Elf
Movies
5m
Popular People in 1961
by mucciniale
History
6m
1-10 Letter E Words III
by El_Dandy
Language
2m
More to Explore
Quiz From the Vault
Featured Blog Post
Where Did the Easter Bunny Come From?
hide this ad
You Might Also Like...
Tags
Famous Quiz
gamma
kappa
Today's Top Quizzes in Miscellaneous
Browse Miscellaneous
hide this ad
Today's Top Quizzes in Famous
Browse Famous
Top Contributed Quizzes in Miscellaneous
1
5-to-1: Fast Food
2
The JOE quick-fire general knowledge quiz: Day 173
3
The JOE quick-fire general knowledge quiz: Day 172
4
Sunday Crossword: Famous Bodies of Water
5
The JOE quick-fire general knowledge quiz: Day 171
6
One Thing in Common: United Kingdom II
7
Named After an Animal - Odd One Out!
8
The JOE quick-fire quiz: Day 170
9
sort kpop groups by number of members
10
Sunday Crossword: Themeless #5
Explore More
Trending Topics
Kpop
Anime
NBA
Marvel
Crossword
Harry Potter
Disney
Soccer
Pokémon
WWE
Puzzle
Country
Song
The Office
NFL
hide this ad
More By:
kn_OWL_edge
Quiz
Plays
Rating
Category
Featured
Created
Famous Kappa Kappa Gammas
77
Miscellaneous
Sep 6, 2011
KKG Word Ladder
51
2.67
Miscellaneous
Jun 4, 2011
Kappa Kappa Gamma Founders by Birthday
14
Miscellaneous
Jun 1, 2011
Go to Creator's Profile
Score Distribution
Quiz Creator Spotlight
kn_OWL_edge
Follow
Send a Message
Quizzes Created
-
Created Quiz Play Count
-
More By This Creator
Popular Quizzes Today
1
Find the Countries of Europe - No Outlines Minefield
2
Find the US States - No Outlines Minefield
3
The Countries of the World
4
Popular People in 1961
5
US States
6
1-10 Letter E Words III
7
Find the US States
8
One Thing in Common: World Cities II
More Miscellaneous Quizzes
Sunday Crossword: One-Word Emmy-Winning Comedies
Editor's Pick
Trending Quizzes
Risky Map Clicking: Least Populous States A-Z
1-10 Letter F Words
1-10 Letter G Words
One Thing in Common: United Kingdom
Risky Map Clicking: Next State Alphabetically
Recently Updated
Leaping Animals
pecheneg
Reality TV Shows (A-Z)
bhenderson79
Rickey Henderson's Hall of Fame Teammates
pecheneg
Champions League XIs: Arsenal
pecheneg
Quick Pick: Celebrities in WWE's Hall of Fame
aduchscher
A-Z Keypad Blitz II
pecheneg
Multiple Oscar Actors
pecheneg
Mystery Phrase Blitz: Oscar 'Best Actors'
pecheneg
F. Scott Fitzgerald Novels
LTH
Pick 3 Villains
ddd62291
Trending Topics
Disney
Crossword
Kpop
Marvel
Harry Potter
Anime
NBA
Soccer
Country
Puzzle
NFL
Pokémon
WWE
Song
The Office
Your Account Isn't Verified!
In order to create a playlist on Sporcle, you need to verify the email address you used during registration. Go to your
Sporcle Settings
to finish the process.
Report this User
Report this user for behavior that violates our
Community Guidelines
.
Details:
Send Report
Go to the Sporcle.com Mobile Site →
Comments